000 01605nas a2200253 454500
001 4298
005 20260407193504.0
008 260407s1991####ag###########|||spa#d
003 AR-UNSa-BCEJYS
040 _aAR-UNSa-BCEJYS
_bspa
_cAR-UNSa-BCEJYS
080 _a347.7
_xDerecho Mercantil. Derecho Comercial
245 1 0 _aDoctrina Societaria y Concursal
264 1 _aBuenos Aires :
_bErrepar
_c1991
310 _aMensual Cambia Director Académico a partir del Nº 98, por Ricardo A. Nissen Cambia Director Académico a partir del Nº 138, por Eduardo M. Favier Dubois (h) Cambia Director Académico a partir del Nº 226, por Marcelo L. Perciavalle
505 _aEsta publicación mensual agrupa completos trabajos de opinión en materia societaria, concursal, quiebras, cooperativas, asociaciones civiles, mutuales y fundaciones, y modelos prácticos elaborados con el fin de optimizar la tarea diaria del profesional. Comprende: • Doctrina • Jurisprudencia íntegra y comentada: texto completo y comentado por autores de renombre • Jurisprudencia sumariada • Jurisprudencia nacional y provincial • Práctica societaria, concursal y contractual • Consultorio, adonde se exponen las respuestas a las dudas más usuales de la práctica del profesional.
041 _aspa
942 _cSER
590 _aniveau_biblio:s niveau_hierar:1
100 1 _aParada, Ricardo Antonio
650 _aSOCIEDADES COMERCIALES
650 _aTITULOS DE CREDITO
650 _aCONCURSOS Y QUIEBRAS
856 4 1 _uhttps://biblioeco.unsa.edu.ar/pmb/images/revistas/R10515.jpg
_yImagen de portada
_qimage/jpeg
999 _c8404
_d8404